000 00681nam a2200289Ia 4500
005 20260324121641.0
008 008 260324s9999 xx 000 0 eng d
020 _a9781003087304
037 _aEBOOK
040 _aCRL
040 _beng
040 _cCRL
041 _2eng
041 _aeng
084 _qCRL
100 _aIan Woodward; Dominik Bartmanski
_91163335
245 0 _aVinyl
245 4 _bThe Analogue Record in the Digital Age
260 _bTaylor and Francis
260 _c2014
365 _a
365 _b230
856 _uhttp://www.taylorfrancis.com/books/9781003087304
942 _cEBOOK
999 _c1755581
_d1755581